| 000 | 00653nam a2200193Ia 4500 | ||
|---|---|---|---|
| 003 | GCL | ||
| 008 | 140319s9999 xx 000 0 ara d | ||
| 040 |
_aGCL / _cGCL |
||
| 082 | 0 | 4 |
_a814 _bم م |
| 100 | 1 | _aوديع حنا | |
| 245 | 1 | 0 |
_aالمستقبل عشرون حوار عن الطب والجنس والحياة مع أكبر علماء الغرب / _cوديع حنا |
| 700 | 1 | _aسالومون، ميشيل | |
| 260 |
_a[S.N] : _bمكتبة مدبولى ، _c1981 |
||
| 300 | _a235 ص | ||
| 490 |
_aالفكر المعاصر _v0 |
||
| 650 | 0 | 4 | _aالادب العربى |
| 650 | 0 | 4 | _aالادب العربى - مقالات |
| 942 |
_2ddc _cBK |
||
| 999 |
_c53319 _d53319 |
||